[Event "Bled op 19th"]
[Site "Bled"]
[Date "1998.??.??"]
[Round "5"]
[White "Kogan, Artur"]
[Black "Nikolov, Sasho"]
[Result "1/2-1/2"]
[WhiteElo "2505"]
[BlackElo "2415"]
[Annotator "Tsesarsky,I"]
[PlyCount "87"]
[EventDate "1998.03.21"]
[EventType "swiss"]
[EventRounds "9"]
[EventCountry "SLO"]
[SourceTitle "CBM 064"]
[Source "ChessBase"]
[SourceDate "1998.06.02"]
[SourceVersion "1"]
[SourceVersionDate "1998.06.02"]
[SourceQuality "1"]

1. Nf3 d5 2. c4 e6 3. d4 c6 4. Nc3 dxc4 5. e3 b5 6. a4 Bb4 7. Bd2 Bb7 8. axb5
Bxc3 9. Bxc3 cxb5 10. b3 a5 11. bxc4 b4 12. Bb2 Nf6 13. Bd3 O-O 14. O-O Nbd7
15. Re1 Re8 16. c5 (16. Qc2 Qc7 17. e4 e5 18. c5 exd4 19. Bxd4 h6 (19... Ng4
20. Bc4 Nde5 21. Nxe5 Nxe5 22. Bd5 Bc6 23. Qb3 Rad8 24. Rad1 $14 {1-0 Cramling,
P-Ioseliani,N/FIDE Cand (Women), Groningen NED 1997 (35)}) 20. h3 Bc6 21. Nh4
Ne5 22. Bf1 Nxe4 23. Rxe4 b3 24. Qb1 Bxe4 25. Qxe4 Nc6 26. Qg4 Nxd4 27. Qxd4 a4
28. Rxa4 Rxa4 29. Qxa4 Rb8 30. Qe4 Qxc5 31. Bd3 Kf8 $4 (31... Qc1+ 32. Kh2 Kf8
33. Nf5 Qc7+ 34. g3 b2 35. h4 Qc3 36. Qe7+ Kg8 37. Qd6 (37. Qe4 $11) 37... Re8
$11 (37... b1=Q 38. Bxb1 Rxb1 39. Ne7+ Kh7 40. Qd8 $18)) 32. Ng6+ $1 (32. Qh7
$6 Qc1+ (32... Ke8 $6 33. Qxg7 (33. Nf5 b2 34. Qh8+ Qf8 35. Nxg7+ Kd7 36. Qxf8
Rxf8 37. Kh2 Rc8 38. Nf5 $11) 33... b2 {0-1 Aseev,K-Popov,V/71st Championship
of 1998} 34. Qh8+ Qf8 35. Qe5+ Kd7 36. Bb5+ Kc8 37. Qc3+ Kd8 38. Qxb2 $18) 33.
Kh2 Qf4+ 34. Kg1 b2 35. Bb1 (35. g3 Qc1+ 36. Kg2 b1=Q $19) 35... g6 36. g3 Qc1+
37. Kh2 Rb6 38. Ba2 Qc7 39. Qxh6+ $16) 32... Kg8 (32... fxg6 33. Qf4+ Ke7 34.
Qxb8 $18) 33. Ne5 Qc1+ 34. Kh2 Qc7 35. Qh7+ Kf8 36. Qh8+ Ke7 37. Qxg7 b2 38.
Qxf7+ Kd6 39. Bb1 $18) (16. e4 e5 (16... Nf8 17. e5 N6d7 18. Nd2 Nb6 19. Ne4
Bxe4 20. Rxe4 Qe7 21. Rg4 $16 {1-0 Botsari-Hernandez/Moscow olw 1994 (26)}) 17.
dxe5 (17. Nxe5 Nxe5 18. dxe5 Nd7 19. f4 Nc5 20. Bc2 Qxd1 21. Raxd1 a4 22. Ra1
Red8 $17 {0-1 Aronov,Y-Kobolinja,M/WchJ-18 Guarapuava 1995 (28)}) 17... Ng4 18.
e6 (18. Bf1 Qe7 19. Rc1 Ndxe5 20. Nxe5 Nxe5 21. f4 Rad8 22. Qh5 Qc5+ 23. Kh1
Nd3 24. Qxc5 Nxc5 25. e5 a4 $17 {0-1 Scholz,C-Sermier,G/Open, Biel SUI 1997 
(29)}) 18... Rxe6 19. g3 Rd6 20. Qe2 Nc5 21. Bc2 Nd3 22. Bxd3 Rxd3 23. Nd4 Ne5
24. Ne6 (24. Red1 Rxd1+ 25. Rxd1 Qc7 $17 {0-1 Alexander,P-Kniest,O/Open, Bled
SLO 1998 (27)}) 24... fxe6 25. Bxe5 $15) (16. Bc2 Qc7 17. c5 (17. e4 Qxc4 18.
Bd3 Qc7 19. e5 Bxf3 20. Qxf3 Nd5 $17 {0-1 Zakharevich,I-Neverov,V/St.
Petersburg op2 1994 (29)}) 17... Ng4 18. e4 e5 19. h3 Ngf6 20. dxe5 Nh5 (20...
b3 21. Bd3 Nh5 22. Bb5 $18) 21. Ng5 (21. Ba4 Nxc5 22. Bxe8 Rxe8 23. Qd6 $18)
21... Nf4 22. Qf3 $18 {1-0 Mah,K-Musson,A/4NCL, Rotherham ENG 1997 (32)}) 16...
Bc6 (16... Qc7 17. e4 h6 (17... e5 18. Rc1 a4 19. c6 Bxc6 20. d5 a3 21. dxc6
axb2 22. cxd7 Qxd7 23. Rb1 $18 {1-0 Atalik,S-Mikhaletz,L/FSGM Feb, Budapest
HUN 1998 (40)}) 18. Qd2 (18. Nd2 e5 19. Nc4 exd4 20. Nd6 Re6 (20... Nxc5 21.
Nxe8 Rxe8 22. Bxd4 Ncxe4 23. Bxf6 Nxf6 24. Rxe8+ Nxe8 25. Qa4 Qc8 26. Qxa5 $16)
21. Bxd4 $14 {1-0 Cebalo,M-De Kleuver,E/Open, Saint Vincent ITA 1998 (30)})
18... Bc6 19. Bc2 Reb8 20. Qd3 a4 21. d5 exd5 22. exd5 Bxd5 23. Re7 Qxc5 24.
Rxd7 Be4 $17 {0-1 Pelletier,Y-Van der Werf,M/18th op A, Cannes FRA 1997 (30)})
17. e4 (17. Bc2 Ne4 18. Re2 Qc7 19. Nd2 {1/2-1/2 Ionov,S-Popov,V/City-Ch, St
Petersburg RUS 1998}) 17... a4 (17... e5 18. d5 Nxc5 19. Nxe5 Bd7 20. Bd4 Qb8
21. f4 Rc8 22. Nxd7 Nfxd7 23. Qg4 $16 {1-0 Chuchelov,V-Van Wissen,M/Computerij,
Zwolle NED 1998 (30)}) 18. Bc2 Qc7 (18... a3 19. Bc1 Qc7 20. e5 (20. Bd2 Reb8
21. Qb1 e5 $132) 20... Nd5 21. Ng5 (21. Bxh7+ Kxh7 22. Ng5+ Kg8 23. Qh5 Nf8 24.
Re4 Ng6 $19) 21... Nf8 22. Qd3 f5 (22... Ba4 23. Bb1 h6 24. Ne4 $13) 23. exf6
Nxf6 24. Bd2 $14 {1/2-1/2 Tyomkin,D-Malakhov,V/EuJun, Tallinn EST 1997 (41)})
19. e5 b3 20. Bb1 (20. Bxb3 axb3 21. exf6 Rxa1 22. Bxa1 Rb8 23. Bb2 Bxf3 24.
Qxf3 Nxf6 25. Ra1 Nd5 26. Ra3 Qb7 $11) 20... Bxf3 (20... Nd5 21. Ng5 h6 22. Ne4
Reb8 23. Qh5 (23. Qg4 Rb4 24. Qg3 $132) 23... Nf8 $132) 21. Qxf3 Nd5 22. Be4
Qc6 23. g4 (23. Qh5 Nf8 24. Ra3 Red8 $132) 23... f6 (23... Rec8 24. Qh3 Nf8
$132) 24. exf6 (24. Qd3 h6 25. exf6 N7xf6 26. Bf3 $132) 24... N7xf6 25. Bd3 Nd7
26. g5 Nf8 27. h4 Ra7 28. h5 (28. Qg3 Rf7 29. Be4 $132) 28... Rf7 29. Qg2 Rf4
30. Bc4 (30. Qg3 $132) 30... Rd8 31. Re5 (31. Ra3 Nb4 32. Rc1 (32. Qxc6 Nxc6
33. Rxa4 Nxd4 34. Kf1 Nf3 35. Bxb3 Rxa4 36. Bxa4 Nxe1 37. Kxe1 Rd5 38. c6 Ra5
39. Bc2 Rxg5 40. Ba3 Ra5 41. c7 Ra8 42. Be4 Rc8 43. Bd6 Nd7 44. Bb7 Nb6 45.
Bxc8 Nxc8 $11) 32... Rc8 33. Qxc6 Nxc6 34. d5 Na5 35. Ba6 Ra8 36. Bb5 (36. c6
Rxa6 37. c7 Ra8 38. c8=Q Rxc8 39. Rxc8 exd5 $13) 36... exd5 37. Bxa4 Rg4+ 38.
Kf1 Rxg5 39. Bxb3 Rb8 (39... Nxb3 40. Rxa8 Nxc1 41. c6 $3 $18) 40. Rxa5 Rxb3
41. c6 Rxb2 42. c7 Rf5 43. c8=Q Rfxf2+ $11) 31... Ne7 (31... Rf7) 32. h6 (32.
Rxe6 Qxg2+ 33. Kxg2 Nxe6 34. Bxe6+ Kh8 35. h6 (35. Rxa4 Rdf8 36. f3 Rxf3 37.
Ra7 (37. Ra8 Rf2+ 38. Kg1 Rxa8 39. Kxf2 Ra2 40. Ke3 Rxb2 41. Kd3 Rh2 $19) 37...
Nc6 $19) 35... Rdf8 36. f3 Rxf3 37. hxg7+ Kxg7 38. d5+ Kg6 39. Bf6 b2 40. Rh1
R3xf6 41. gxf6 Kxf6 $19) 32... Rdxd4 (32... Qxg2+ 33. Kxg2 Nc6 34. Re3 Nxd4 35.
Rxa4 gxh6 36. gxh6 Nf5 37. Rxb3 Rd2 38. Be5 Rfxf2+ 39. Kh3 Rd1 40. Ra1 Rxa1 41.
Bxa1 Rc2 42. Rc3 Rxc3+ 43. Bxc3 Ne3 44. Ba6 Nd5 45. c6 Nc7 46. Bd3 Nd5 47. Ba5
Ng6 48. c7 Nge7 49. Kg3 Nc8 50. Ba6 Nde7 51. Kf4 Kf7 52. Kg5 e5 53. Bd3 Nd6 54.
Bxh7 $18) 33. Bxe6+ (33. Bxd4 $2 Rxd4 (33... Qxg2+ 34. Kxg2 Rxd4 35. Rxa4 b2
36. Re1 gxh6 37. gxh6 Nf5 38. c6 Rd6 39. Bb5 $18) 34. Bxe6+ Nxe6 35. Qxc6 Nxc6
36. Rxe6 b2 37. Rb1 a3 $19) 33... Nxe6 34. Qxc6 Nxc6 35. Rxe6 gxh6 (35... Rd2
36. Re8+ Rf8 (36... Kf7 37. hxg7 Rg4+ 38. Kf1 Rxg5 39. Rf8+ Ke6 40. Bf6 Rxg7
41. Bxg7 b2 42. Re1+ Kd5 43. Ra8 $18) 37. Rxf8+ Kxf8 38. g6 $1 Kg8 $1 39. Rxa4
(39. Re1 Rd8 $8 40. Re6 Rc8 41. hxg7 Na5 42. gxh7+ Kxh7 43. Re4 a3 $8 44. Bxa3
Kxg7 $14) 39... gxh6 40. Ra8+ Rd8 41. Rxd8+ Nxd8 42. g7 Nc6 43. f4 Ne7 44. Kf2
h5 45. Kf3 (45. Kg3 Nf5+ 46. Kh3 Nxg7 47. c6 Ne8 48. f5 Kf7 49. Be5 Ke7 50. Kh4
Kd8 51. Kxh5 Nd6 52. f6 Nf7 53. Bb2 Kc7 $17) 45... Kf7 46. Ba1 (46. Be5 h4 47.
Kg4 Ng6 48. Bf6 h5+ 49. Kh3 Nxf4+ 50. Kxh4 Ne6 51. c6 Nxg7 52. c7 Nf5+ 53. Kxh5
Nd6 $11) 46... Kg8 47. f5 Nxf5 48. c6 Ne7 49. c7 Kf7 50. Kg3 Nf5+ 51. Kh3 Nd6
52. Kh4 Nc8 53. Kxh5 Kg8 54. Kg4 Kf7 55. Kf5 Nd6+ 56. Ke5 Nc8 57. Kd5 h5 (57...
Ne7+ 58. Kd6 Nc8+ 59. Kd7 Nb6+ 60. Kd8 h5 61. Bd4 h4 (61... b2 62. Bxb2 h4 63.
Bd4 h3 64. Bxb6 h2 65. c8=Q h1=Q 66. Qd7+ $18) 62. Bxb6 b2 63. c8=Q b1=Q 64.
g8=Q+ Kxg8 65. Qe6+ $18) 58. Ke4 $18) 36. Rxc6 Rd2 (36... Rg4+ 37. Kf1 Rd2 38.
Be5 hxg5 39. Rc7 $16) 37. Rc8+ Kf7 38. Rc7+ Kg6 (38... Kg8 39. Be5 Re4 40. gxh6
Rxe5 41. Rxa4 Kf8 42. Rf4+ Ke8 43. Rb4 Rd7 44. Rc8+ Rd8 45. Rxd8+ Kxd8 46. Rxb3
Rxc5 47. Rb7 Rc7 48. Rxc7 Kxc7 49. Kg2 Kd6 50. Kf3 Ke5 51. Kg4 Kf6 $11) 39.
Rg7+ Kh5 40. Be5 b2 41. Bxb2 (41. Rb1 $2 Rg4+ 42. Bg3 Rc4 $17) 41... Rxb2 42.
gxh6 (42. Rxh7 Kxg5 43. Rg7+ Kf6 44. Ra7 Rfxf2 45. R7xa4 Rg2+ 46. Kh1 Rh2+ 47.
Kg1 Rbg2+ 48. Kf1 h5 49. Rh4 $11) 42... Kxh6 43. Rg8 Rbxf2 44. Rxa4 1/2-1/2

[Event "Dresden zt 1.2"]
[Site "Dresden"]
[Date "1998.05.07"]
[Round "9"]
[White "Milov, Vadim"]
[Black "Lutz, Christopher"]
[Result "1/2-1/2"]
[WhiteElo "2635"]
[BlackElo "2595"]
[Annotator "Tsesarsky,I"]
[PlyCount "115"]
[EventDate "1998.04.28"]
[EventType "swiss"]
[EventRounds "11"]
[EventCountry "GER"]
[SourceTitle "CBM 065"]
[Source "ChessBase"]
[SourceDate "1998.08.06"]
[SourceVersion "1"]
[SourceVersionDate "1998.08.06"]
[SourceQuality "1"]

{[%mdl 20480]} 1. c4 e6 2. Nc3 d5 3. d4 Be7 4. cxd5 exd5 5. Bf4 c6 6. e3 Bf5 7.
g4 Be6 8. Bd3 Nd7 9. h3 h5 10. gxh5 (10. Qf3 $6 Qb6 $5 (10... hxg4 $2 11. hxg4
Rxh1 (11... Bxg4 $6 12. Rxh8 Bxf3 13. Rxg8+ Bf8 14. Nxf3 $16) 12. Qxh1 Bxg4 13.
Qh8 Ndf6 14. f3 Bh5 15. Qxg7 Qb6 16. O-O-O Bf8 17. Qh8 $16) (10... g5 11. Bg3
Ndf6 12. gxh5 Nxh5 13. Nge2 Nxg3 14. Nxg3 Qd7 15. Nf5 Bf8 16. Rg1 $132 {
Markotic,G-Geller,E/ Cappelle op 1993}) 11. O-O-O $1 (11. Rb1 $2 $17 hxg4 12.
hxg4 Rxh1 13. Qxh1 g5 14. Be5 Nxe5 15. dxe5 d4 16. exd4 Qxd4 17. Qe4 Qxe4+ 18.
Bxe4 Bxg4 $17 {Krueger,T-Schuett,W/ Bargteheide op 1989/ 0-1 (23)}) 11... hxg4
12. hxg4 Rxh1 13. Qxh1 Bxg4 14. f3 Be6 15. Qh8 Kf8 16. Nge2 $44) 10... Ndf6 11.
Qc2 $146 (11. h6 Nxh6 12. Qc2 Nh5 $6 (12... Qd7 13. Nf3 Bf5 14. Ne5 Bxd3 15.
Nxd3 Bd6 16. Be5 (16. Bxd6 Qxd6 $132) 16... Qe7 17. O-O-O Nf5 18. Kb1 Ne4 19.
Na4 f6 20. Bxd6 Nexd6 21. Nac5 O-O-O $132 (21... b6 $2 22. Nf4 $1 bxc5 (22...
Rh6 23. Ncd3 Rc8 $14) 23. dxc5 Ne4 24. Ng6 $16 {Lputian,S-Geller,E/ URS-ch52
Riga 1985/ 1-0 (34)})) 13. Be5 f6 14. Bh2 Bd6 15. Bxd6 (15. Bg6+ $6 Bf7 16. Nf3
Bxg6 17. Qxg6+ Nf7 18. Nh4 Bxh2 19. Rxh2 Qc7 20. Nf3 O-O-O $132 {Botvinnik,
M-Petrosian,T/ Wch Moscow 1963/ 1/2-1/2 (53)}) (15. O-O-O $14 {/\ Na4}) 15...
Qxd6 16. O-O-O $14) (11. Nge2 Nxh5 12. Qc2 Ngf6 13. O-O-O Qa5 14. Bf5 Bxf5 15.
Qxf5 Nxf4 16. Nxf4 Bb4 $132 {Kotov,A-Zhukhovitsky,S/ Sochi 1967}) 11... Nxh5
12. Be5 Ngf6 (12... f6 $6 13. Bg6+ Bf7 14. Bh2 Nh6 15. Nge2 (15. Nf3 Qd7 $1
$132) 15... Qd7 16. Nf4 Nxf4 17. Bxf4 Bxg6 18. Qxg6+ Nf7 19. Qxg7 Rxh3 20.
O-O-O $16) 13. O-O-O (13. Nf3 $11) 13... Nd7 (13... g6 14. Na4 Ng7 15. Nc5 Bc8
16. Nf3 Ne6 $14) 14. Bh2 (14. Nf3 Nxe5 15. Nxe5 Bd6 $11) 14... Nb6 15. Kb1 Bd6
(15... Qd7 16. Be5 Nf6 17. Rc1 Rh5 (17... Bxh3 $4 18. Rxh3 Rxh3 19. Bf5 $18) (
17... Nc4 18. Bxc4 dxc4 19. e4 Nh5 (19... Bxh3 20. f4 O-O-O 21. Qa4 $16) 20.
Rd1 $14) 18. Nge2 Rxh3 $2 19. Nf4 Rxh1 20. Rxh1 Bf8 (20... O-O-O 21. Nb5 Re8
22. Nxa7+ Kd8 23. Nxe6+ fxe6 (23... Qxe6 24. Bf5 $18) 24. Qc3 $18) 21. Bxf6
gxf6 22. Rh7 $16) 16. Be5 (16. Bxd6 Qxd6 17. Nf3 O-O-O 18. Ne5 (18. Nb5 Qe7 $1
(18... Qb8 19. Ng5 $16) 19. Nxa7+ Kb8 20. Nxc6+ bxc6 21. Qxc6 Rd6 22. Ne5 Rc8
23. Qb5 f6 24. Ng6 Qd7 25. Qxd7 Rxd7 $15) (18. Ng5 Kb8 19. Rc1 $14) 18... Kb8
19. Rc1 Nf6 $11) 16... Bxe5 17. dxe5 Qe7 $11 18. Na4 (18. Nf3 g6 $11) 18... Qb4
19. Nc3 (19. Nc5 Nc4 20. Bxc4 Qxc5 21. Bd3 $11) 19... O-O-O 20. Nge2 Kb8 21.
Nd4 (21. f4 Nc4 (21... g6 22. a3 Qe7 23. e4 Ng7 24. Nd4 (24. f5 $2 dxe4 25. f6
exd3 26. Rxd3 Bf5 $1 27. fxe7 Bxd3 28. exd8=Q+ Rxd8 $19) 24... Bxh3 25. exd5
Nxd5 26. Nxd5 cxd5 (26... Rxd5 27. Be4 Rxd4 (27... Rdd8 28. Nxc6+ $1 $18) 28.
Rxd4 Ne6 29. Rb4 $16) 27. Qb3 Qc5 28. Bxg6 $1 Bg4 (28... fxg6 29. Rxh3 $16) 29.
Rxh8 Rxh8 30. Bxf7 Bxd1 31. Qxd1 Rh4 32. Nb3 Qc7 33. Qxd5 Rxf4 34. e6 $44) 22.
Bxc4 Qxc4 23. Rd4 (23. f5 Bc8 24. Rd4 Qc5 25. e4 Rhe8 26. Rhd1 Rxe5 $17) 23...
Qc5 24. Qd2 Qa5 25. Rd1 Rc8 (25... Bxh3 26. e4 $132) (25... Rde8 26. e4 dxe4
27. Ra4 Qb6 28. Nxe4 Bxh3 (28... Rd8 29. Rd4 (29. Nd6 Bxh3 30. Rb4 Qc7 31. Nd4
Bc8 32. Rc1 Ka8 33. Ra4 a6 34. Qf2 Rxd6 35. exd6 Qxd6 $15) 29... Rxd4 30. Nxd4
Bxh3 31. Ng5 c5 32. Nxh3 cxd4 33. Qxd4 Qxd4 34. Rxd4 Ng3 35. Ng5 $11) 29. Rb4
Qd8 30. Qe1 Qe7 31. Nd6 Bc8 32. Nxe8 $16)) 21... Bc8 22. Nce2 Bd7 23. f4 g6 24.
h4 Qe7 25. Rc1 Ng7 26. Qc5 (26. e4 Rxh4 27. Rxh4 Qxh4 $17) 26... Qxc5 27. Rxc5
Nc8 (27... Na4 28. Rcc1 c5 29. Nf3 Bf5 (29... Bg4 30. Ng5 c4 31. Bc2 Bxe2 32.
Nxf7 $14) 30. Bxf5 Nxf5 31. Ng5 Rd7 32. e4 dxe4 33. Nxe4 Rxh4 34. Rxh4 Nxh4 35.
b3 Nb6 36. Nxc5 $11) 28. Ng3 Ne7 (28... Rde8 $5 $15) 29. Rcc1 Nh5 30. Nxh5 (30.
Nge2 $5 $15) 30... Rxh5 31. Nf3 Rdh8 (31... Bf5 32. Kc2 Bxd3+ 33. Kxd3 Nf5 34.
Rh3 Kc7 35. e4 dxe4+ 36. Kxe4 Rd5 $15) 32. Rcg1 Kc7 (32... Bf5 $15) 33. Rg5
R5h6 34. Rgg1 (34. Rg2 Bf5 $15) 34... Kd8 (34... Nf5 35. e4 Nxh4 36. Ng5 Be6
37. Nxe6+ fxe6 38. Rg3 dxe4 39. Bxe4 Nf5 40. Rxh6 Rxh6 $17) 35. Kc1 Nf5 36. Kd2
Nxh4 37. Be2 (37. Nxh4 Rxh4 38. Rxh4 Rxh4 39. a3 Rh2+ 40. Kc3 c5 $17) 37... Nf5
(37... Nxf3+ 38. Bxf3 Rxh1 39. Rxh1 Rxh1 40. Bxh1 Be6 41. Kc3 c5 42. b4 b6 $17)
38. Rxh6 Rxh6 39. Rg2 Ke7 40. Rh2 Rxh2 41. Nxh2 Ng3 42. Bf3 Ne4+ (42... Bf5 43.
Ke1 (43. a3 Be4 44. Bg4 c5 45. Bc8 b6 46. Ba6 Bg2 47. Bd3 Bh3 $17) 43... Be4
44. Bg4 Bb1 45. Bc8 b6 46. Bb7 Kd7 47. a3 Ne4 48. Ng4 a5 49. Ba8 Bd3 50. Nh6 f5
51. exf6 Nxf6 52. Nf7 Ng4 53. Kd2 Be4 $17) 43. Kd3 (43. Bxe4 $1 dxe4 44. Kc3 (
44. Nf1 Ke6 45. Ng3 Kd5 $17) 44... b6 (44... f6 45. exf6+ Kxf6 46. Kd4 Bf5 (
46... Kf5 47. Nf1 $14) 47. Nf1 $11) 45. Kd4 Bf5 46. b4 $11) 43... c5 (43...
Nc5+ 44. Kd4 Ne6+ $17) 44. Bxe4 Bb5+ 45. Kc3 dxe4 46. Ng4 Ke6 47. Nf6 Bc6 (
47... Kf5 48. Nh7 Bd7 (48... a5 $2 49. Ng5 Be8 50. b3 b5 51. a3 $11) 49. Ng5
Be6 50. a3 Bd5 51. Nh7 $11) 48. Nh7 Bd5 49. a3 b6 50. Ng5+ Kf5 51. Nh7 Ke6 (
51... Be6 52. Ng5 (52. Nf6 g5 $19) 52... Kg4 53. Kd2 $1 (53. b4 $2 Bd5 (53...
cxb4+ 54. Kxb4 Kg3 55. Kc3 Kf2 56. Kd4 $11) 54. b5 (54. Nh7 Kf3 55. Kd2 a5 56.
bxc5 bxc5 57. Ng5+ (57. Nf6 Bc6 58. Nh7 Kf2 59. e6 fxe6 60. Nf8 c4 61. Nxg6 c3+
62. Kxc3 Kxe3 $19) 57... Kg3 58. Nh7 Kf2 59. Nf6 Bc6 60. e6 fxe6 61. Ng4+ Kg3
62. Ne5 Be8 63. Nc4 a4 64. Na5 Kg4 65. Nb7 Bc6 66. Nxc5 Kf5 67. Na6 e5 68. Nb4
Bb7 69. fxe5 g5 $17) 54... Kg3 55. Nh7 Kf2 56. Kd2 Bc4 (56... c4 57. Nf6 Bb7
58. e6 fxe6 59. Ng4+ Kg3 60. Ne5 Bd5 61. a4 Kg2 62. Nxg6 Kf2 63. Ne7 Bb7 64. f5
exf5 65. Nxf5 $11) 57. Nf6 Kf3 58. Nh7 Kg4 59. Nf6+ Kf5 60. Ne8 Ke6 61. Kc3 Be2
62. Kd2 Bd3 63. a4 Kd7 64. Nf6+ Ke6 65. Ne8 g5 66. Ng7+ Kd5 67. e6 fxe6 68.
fxg5 Ke5 69. Kc3 Be2 70. Kd2 Bf3 71. Ne8 Bh5 72. Nf6 Bf7 $17) (53. Nxe4 $2 Kf3
$19) 53... Bd5 54. Nh7 Kf3 55. Nf6 Bc6 56. Nh7 Kf2 57. e6 fxe6 58. Ng5 Bd5 59.
Nf7 b5 60. Ne5 c4 61. Nxg6 a5 62. Ne5 b4 63. axb4 axb4 64. Ng4+ Kf3 65. Ne5+
$11) 52. Ng5+ Kf5 53. Nh7 a5 (53... b5 54. b4 c4 55. Kd4 Ke6 56. Nf6 Bc6 57.
Nh7 $11) (53... Be6 54. Ng5 Kg4 55. Kd2 $11) 54. a4 Ke6 55. Ng5+ Ke7 56. Nh7
Ke6 57. Ng5+ Ke7 (57... Kf5 58. Nh7 $11) 58. Nh7 1/2-1/2

[Event "EU-ch U20"]
[Site "Tallinn"]
[Date "1997.09.20"]
[Round "11"]
[White "Tyomkin, Dimitri"]
[Black "Malakhov, Vladimir"]
[Result "1/2-1/2"]
[WhiteElo "2390"]
[BlackElo "2540"]
[Annotator "Tyomkin,D"]
[PlyCount "82"]
[EventDate "1997.09.10"]
[EventType "swiss"]
[EventRounds "11"]
[EventCountry "EST"]
[SourceTitle "CBM 059 Extra"]
[Source "ChessBase"]
[SourceDate "1997.09.26"]
[SourceVersion "1"]
[SourceVersionDate "1997.09.26"]
[SourceQuality "1"]

{[%mdl 647] The tournament situation before this last round was the next: I
was on the top with 8points alone. Banicas[Greece] was with 7,5 points playing
against Belichev [Ukraine]. My opponent had only 5,5 points at all! To get
GM-norm I had to reach clear 1st place according to Fide rules} 1. d4 d5 2. c4
e6 3. Nf3 c6 4. Nc3 dxc4 5. a4 Bb4 6. e3 b5 7. Bd2 a5 8. axb5 Bxc3 9. Bxc3 cxb5
10. b3 Bb7 11. bxc4 {I desided to play this move not because I afreided some
special preparion of Malakhov after11.d5,but because in current I have a lot
of experience with both colours.5years ago I played this variation with black
against Kasparov(!) in simultan and got big advantage,but...} (11. d5 {Tyomkin,
D played Rabinovich against Malakhov in this position in earlier stage of this
tournament and got winning position already in the opening:}) (11. d5 {Tyomkin,
D} Nf6 12. bxc4 b4 13. Bxf6 Qxf6 14. Qa4+ Nd7 15. Nd4 e5 16. Nb3 Ke7 17. Be2
Qd6 18. Rd1 Rhc8 19. O-O Nc5 20. Nxc5 Rxc5 21. f4 Re8 22. Qc2 g6 23. Qe4 Kf8
24. f5 Bc8 25. Qh4 Kg8 26. fxg6 fxg6 {[%tqu "En","Find forced win for white",
"","","f1f6","",0,"f1f7","",10]} 27. Rf6 (27. Rf7 $1 Kxf7 28. Qxh7+ Kf8 29.
Rf1+ Bf5 {[%tqu "En","did you see the final move of the combination when you
played 27.Rf7","","","e2h5","",10]} 30. Bh5 $1 $18 {[%cal Rf1f5,Rh5g6]}) 27...
Qd8 28. Rdf1 Rc7 29. d6 Rf7 30. c5 Rxf6 31. Qxf6 Qxf6 32. Rxf6 Kg7 33. Rf1 Bd7
34. Bc4 Kh6 35. Rf7 Rd8 36. Rxd7 Rxd7 37. Be6 Rd8 38. d7 {1-0 Rabinovich
Alexander-Malakhov Vladimir/Ch Europe (juniors), Tallinn (Estonia) 1997}) 11...
b4 12. Bb2 Nf6 13. Bd3 Nbd7 14. O-O O-O 15. Re1 Re8 {this move has a future!} (
15... Qc7 16. e4 e5 {was trying in this position many times,but white always
got a good play}) 16. c5 (16. e4 {Tyomkin,D} e5 17. Nxe5 (17. dxe5 Nc5 $1 $132
{typical idea in this variation} (17... Ng4 18. e6 $1 Rxe6 (18... fxe6 $2 19.
e5 $16) 19. e5 (19. Bc2) 19... Bxf3 20. Qxf3 Ngxe5 21. Qg3 $16 {^^})) 17...
Nxe5 18. dxe5 Nd7 19. f4 Nc5 $15 {[%csl Re4] Aronov Yuri-Kobalija Mihail/Ch
World (cadets) (under 1995/0-1(28)}) (16. h3 {Tyomkin,D} Qc7 17. e4 e5 18. dxe5
Nh5 19. Ng5 {1/2-1/2 Sherbakov,R-Sorokin,M/Cheliabinsk 1989}) 16... Bc6 $146 {
[%cal Ga5a4]} (16... Qc7 {Tyomkin,D} 17. e4 h6 (17... e5 $5) 18. Qd2 $6 (18.
Rc1 $5 Bc6 19. Nd2) 18... Bc6 19. Bc2 Reb8 20. Qd3 a4 21. d5 $2 (21. e5 Bb5 $17
) 21... exd5 22. exd5 Bxd5 23. Re7 Qxc5 24. Rxd7 Be4 $1 $19 {Pelletier,Y-Van
der Werf,M/Cannes op18th 1997/0-1(30)}) 17. e4 a4 18. Bc2 a3 19. Bc1 Qc7 20. e5
$5 {[%cal Gc2h7]} (20. Nd2 $14 {[%cal Yd2c4] /\Nc4}) 20... Nd5 21. Ng5 Nf8 22.
Qd3 f5 23. exf6 Nxf6 24. Bd2 h6 25. Nf3 Reb8 26. Ne5 Bd5 27. Nc4 N8d7 28. Bb3
Qc6 {in this moment I found Banikas with 5 pawns dawn in the rook ending, but
it was too fast to celabrate something because I couldn't evaluate even my
position} {[%tqu "En","","","","d2h6","I spended a lot of time in the opening
and left only ten minutes now.About the sacrifice I thought about 3 minutes at
all-I didn't see something clear but saw a strong initiative",10]} 29. Bxh6 $1
$138 {[%cal Gd3g6] I spended a lot of time in the opening and left only ten
minutes now.About the sacrifice I thought about 3 minutes at all-I didn't see
something clear but saw a strong initiative} gxh6 30. Qg6+ Kf8 31. Qxh6+ Kf7 (
31... Kg8 32. Nd6 $18 {[%cal Rh6g6]}) (31... Ke8 32. Qg6+ Ke7 (32... Kd8 33.
Ne5) 33. Ne5 (33. Qg7+ Ke8 34. Ne5 Nxe5 35. dxe5 Ne4 (35... Nd7 36. Bxd5 Qxd5
37. Rad1 Qb7 38. c6 $18) 36. Qg6+ (36. Re3 $2 Qxc5 37. Rf3 (37. Rh3 Qxf2+ 38.
Kh1 Qf7) 37... Qe7) 36... Kd7 37. Bxd5 exd5 38. Qf7+ Kd8 (38... Kc8 39. e6 $1
$18) 39. Rad1 Nc3 40. e6 Qe8 41. e7+ Kc7 42. Qf4+ Kc6 43. Qd6+ Kb5) 33... Qb5 (
33... Nxe5 34. dxe5 Ne8 (34... Bxb3 35. exf6+ $18 {[%cal Rf6f7]}) 35. Bxd5 Qxd5
36. Rad1 $18)) (31... Ke7 32. Ne5 Qb5 $1 (32... Nxe5 33. dxe5 Bxb3 34. Qxf6+
Kd7) 33. Qg7+ $1 (33. Bxd5 Nxd5 34. Qg7+ Kd8 35. Qg8+ Kc7 36. Qxe6 N7f6 {
and black somehow keeps defence here}) 33... Kd8 34. Nxd7 Nxd7 35. Bxd5 exd5
36. c6 $1 Qxc6 37. Qe7+ Kc7 38. Rac1 Ra6 39. Rxc6+ Rxc6 $13 {/+/-}) {[%tqu
"En","","","","c4e5","a 'key'move",10,"c4d6","Tyomkin,D",0]} 32. Ne5+ $1 {
a "key"move} (32. Nd6+ $2 Ke7 {/\Kd8-c7}) 32... Nxe5 33. dxe5 Ne8 (33... Bxb3
34. Qxf6+ Ke8 35. Re3 $18 {[%cal Re3h3]}) 34. Bxd5 Qxd5 35. Rad1 Qb7 (35... Qc6
{-the same}) {[%tqu "En","","","","e1e4","I played it on the falling flag on
my clock.In this moment Banikas already resigned.",10]} 36. Re4 $3 $18 {
[%cal Ge4f4] I played it on the falling flag on my clock.In this moment
Banikas already resigned-and the meaning of draw and win turned the same goal
for me} Ng7 (36... Qxe4 {[%tqu "En","Find mate in 5","","","d1d7","",5]} 37.
Rd7+ Kg8 38. Qg5+ Kh8 39. Qh5+ Kg8 40. Qf7+ Kh8 41. Qf8#) 37. Rf4+ Kg8 38. Rh4
Qe7 39. Qh7+ Kf8 {[%tqu "En","","","","h4f4","!! In another situation I was
evoluating this move with'??'.Well, this move destroy logical result of the
beutiful game and brilliant attack.But this move fix other two
goals-championship and Gm-norm.And I liked to fix it!",0,"h4g4","Tyomkin,D /
\Qh8",10]} 40. Rf4+ $2 {!! In another situation I was evoluating this move
with"??".Well, this move destroys logical result of the beutiful game and
brilliant attack.But this move fixed other two goals-championship and Gm-norm.
And I liked to fix it!} (40. Rg4 $1 {[%cal Rh7h8] /\Qh8} Qf7 {[%tqu "En","","",
"","d1d7","I saw it during the game,but I wasn't sure that I don't miss
something.And with 5seconds on the clock I didn't want to take risk,because in
this situation draw and win was the same.",10]} 41. Rd7 $3 {I saw it during
the game,but I wasn't sure that I don't miss something.And with 5seconds on
the clock I didn't want to take risk,because in this situation draw and win
was the same.}) 40... Nf5 41. Qh8+ Kf7 (41... Kf7 42. Qh7+ Kf8 $11 (42... Ke8
$4 43. Qg8+ Qf8 44. Qxe6+)) 1/2-1/2